100 largest Cities and Towns in the UK - Statistics

General Stats
  • This quiz has been taken 5,693 times
  • The average score is 55 of 100
Answer Stats
Population Answer % Correct
8,907,918 London
100%
554,400 Manchester
98%
1,153,717 Birmingham
97%
579,256 Liverpool
96%
488,050 Edinburgh
94%
612,040 Glasgow
94%
503,388 Leeds
93%
350,558 Cardiff
92%
281,842 Newcastle upon Tyne
91%
571,922 Bristol
89%
269,231 Southampton
87%
163,967 Oxford
86%
544,402 Sheffield
86%
328,937 Belfast
85%
200,680 Aberdeen
84%
241,999 Brighton
84%
149,023 Cambridge
84%
470,965 Leicester
83%
311,823 Nottingham
83%
195,761 Norwich
82%
184,436 Swansea
82%
161,994 York
82%
241,179 Plymouth
81%
248,479 Portsmouth
79%
288,671 Kingston upon Hull
78%
263,933 Derby
72%
369,127 Coventry
71%
123,379 Exeter
71%
361,046 Bradford
70%
277,051 Stoke-on-Trent
70%
145,722 Blackpool
69%
229,274 Reading
69%
198,727 Bournemouth
68%
150,334 Ipswich
68%
218,255 Wolverhampton
68%
101,106 Bath
67%
87,593 Chester
67%
148,280 Dundee
67%
175,031 Sunderland
67%
229,815 Northampton
65%
146,667 Gloucester
62%
105,447 Lincoln
62%
176,991 Middlesbrough
61%
222,907 Luton
59%
133.353 Newport
56%
175,680 Peterborough
56%
99,198 Preston
56%
103,769 Worcester
56%
184,105 Milton Keynes
55%
134,176 Colchester
53%
202,369 Bolton
52%
183,809 Southend-on-Sea
51%
191,314 Swindon
51%
119,707 Blackburn
50%
114,900 Doncaster
50%
170,269 Huddersfield
50%
140,902 Watford
49%
106,686 Wigan
46%
116,361 Salford
42%
88,500 Grimsby
41%
117,843 Cheltenham
40%
164,046 Slough
40%
116,997 Chelmsford
39%
110,751 Rotherham
39%
104,757 Wakefield
39%
92,405 Bedford
38%
158,762 Poole
38%
96,878 Barnsley
37%
105,402 Oldham
37%
110,000 Stockport
35%
172,068 Warrington
35%
89,181 Chesterfield
33%
91,338 Halifax
33%
111,733 Rochdale
33%
113,646 Eastbourne
32%
93,592 Hastings
32%
111,856 Crawley
31%
117,626 Maidstone
31%
86,961 St Albans
31%
144,756 Birkenhead
30%
92,988 Darlington
29%
108,880 Gillingham
29%
89,610 Hartlepool
29%
149,377 Telford
29%
93,426 Southport
28%
93,944 Stevenage
28%
122,088 Gateshead
27%
107,611 Woking
27%
114,329 Basingstoke
26%
124,073 High Wycombe
26%
104,641 St Helens
26%
87,983 Weston-super-Mare
25%
127,289 Solihull
24%
114,212 Worthing
23%
115,269 Basildon
22%
137,915 Sale
22%
108,330 Sutton Coldfield
21%
101,849 Hemel Hempstead
19%
89,001 Nuneaton
18%
98,809 Rayleigh
13%
No matching quizzes found
Score Distribution
Percent of People with Each Score
Percentile by Number Answered
Your Score History
You have not taken this quiz